01518cam a22003853a 45000010008000000030009000080050017000170070008000340080040000420100006000820200018000880400025001060820025001310920006001561000017001622450171001792600028003503000034003784900027004125000022004395340041004616500027005026500022005297000049005517000033006007000034006337000032006677100010006999100015007099420012007249520122007369520129008589520128009879990017011150000719DO-SdBNP20220627110303.00000719861112 2010 sp ac 000 0 spa d a  a9788466220415 aBPMSUcspadBPMSUd  aR930bB886e 2010222 a 1 aBruce, Julia10aEnciclopedia del saber : bantiguas civilizaciones /cJulia Bruce ; traducción Maria Jesús Sevillano Ureta ; ilustraciones Nichy Palin, Peter Dennis, Gary Hincks aMadrid :bLibsa,c2010. a32 p. :bil., retratoc31 cm.0 aEnciclopedia del saber aIncluye índice. aTítulo original : tAncient wolds  4aCivilización antigua 4aHistoria antigua.1 aSevillano Ureta, María Jesúsetraductor 12aPalin, Nickyeilustraciones 1 aDennis, Petereilustraciones 1 aHincks, Garyeilustraciones2 aLIBSA aVMateo V.  2ddccBK 00102ddc40708CR-GaBPMETbBPMETd2016-10-12oBPMSU CGR R930 B886e 2010pBPMSU16100142r2016-10-12w2016-10-12yBK 00102ddc40708CGaBPMETbBPMETd2016-10-12e oBPMSU CGR R930 B886e 2010pBPMSU16100143r2016-10-12te. 2w2016-10-12yBK 00102ddc40708CR-GaBPMETbBPMETd2016-10-12oBPMSU CGR R930 B886e 2010pBPMSU16100144r2016-10-12te. 3w2016-10-12yBK c11553d11553